Online
Catalog

Sistemas de comunicaciones electrónicas / (Record no. 22549)

MARC details
000 -CABECERA
campo de control de longitud fija 01077nam a2200265 a 4500
001 - NÚMERO DE CONTROL
campo de control 000023052
005 - FECHA Y HORA DE LA ÚLTIMA TRANSACCIÓN
campo de control 20200930021945.0
008 - DATOS DE LONGITUD FIJA--INFORMACIÓN GENERAL
campo de control de longitud fija 101125s1996 mx a 001 0 spa d
020 ## - NÚMERO INTERNACIONAL ESTÁNDAR DEL LIBRO
Número Internacional Estándar del Libro 9688806749
040 ## - FUENTE DE LA CATALOGACIÓN
Centro catalogador/agencia de origen DO-SdBNP
Lengua de catalogación spa
Centro/agencia transcriptor BNPHU
082 ## - NÚMERO DE LA CLASIFICACIÓN DECIMAL DEWEY
Número de clasificación 621.382
Número de documento/Ítem T655e,1996
049 ## - FONDOS LOCALES (OCLC)
Fondos de biblioteca BNGR
100 1# - ENTRADA PRINCIPAL--NOMBRE DE PERSONA
Nombre de persona Tomasi, Wayne
9 (RLIN) 47439
240 10 - TÍTULO UNIFORME
Título uniforme Electronic communications systems fundamentals through advanced.
Lenguaje de la obra Español
245 10 - MENCIÓN DE TÍTULO
Título Sistemas de comunicaciones electrónicas /
Mención de responsabilidad, etc. Wayne Tomasi ; traducción de Virgilio García Bisogmo ; revisión técnica de Rodolfo de Jesús Bravo de la Parra.
250 ## - MENCIÓN DE EDICIÓN
Mención de edición 2a ed.
260 ## - PUBLICACIÓN, DISTRIBUCIÓN, ETC.
Lugar de publicación, distribución, etc. México, D. F. :
Nombre del editor, distribuidor, etc. Prentice-Hall Hispanoamericana,
Fecha de publicación, distribución, etc. 1996.
300 ## - DESCRIPCIÓN FÍSICA
Extensión 858 p. :
Otras características físicas il. ;
Dimensiones 27 cm.
534 ## - NOTA SOBRE LA VERSIÓN ORIGINAL
Encabezamiento principal del original Traducido de la obra en inglés :
Mención de título del original Electronic communications systems fundamentals through advanced
650 #4 - PUNTO DE ACCESO ADICIONAL DE MATERIA--TÉRMINO DE MATERIA
Término de materia o nombre geográfico como elemento de entrada Sistemas de telecomunicación
9 (RLIN) 47440
650 #4 - PUNTO DE ACCESO ADICIONAL DE MATERIA--TÉRMINO DE MATERIA
Término de materia o nombre geográfico como elemento de entrada Comunicaciones digitales
9 (RLIN) 47441
700 1# - PUNTO DE ACCESO ADICIONAL--NOMBRE DE PERSONA
Nombre de persona García Bisogmo, Virgilio,
Término indicativo de función/relación tr.
9 (RLIN) 47442
700 1# - PUNTO DE ACCESO ADICIONAL--NOMBRE DE PERSONA
Nombre de persona Bravo de la Parra, Rodolfo de Jesús.
Término indicativo de función/relación rev.
9 (RLIN) 47443
910 ## - DATOS DE OPCIÓN DEL USUARIO (OCLC)
Datos de opción del usuario WM
Holdings
Estado de retiro Estado de pérdida Restricciones de uso No para préstamo Código de colección Localización permanente Ubicación/localización actual Ubicación en estantería Fecha de adquisición Número de inventario Total de préstamos Signatura topográfica completa Código de barras Fecha visto por última vez Precio válido a partir de Tipo de ítem Koha Número de copia
        Monografías: Libros y Folletos General General Depósito 25.11.2010 LF1   621.382 T655e,1996 23052-10 25.06.2020 25.06.2020 Préstamo en sala  
      Préstamo restrigido Monografías: Libros y Folletos General General Depósito 25.11.2010 LF1   621.382 T655e,1996 23052-20 25.06.2020 25.06.2020 Préstamo en sala e. 2

Powered by Koha